000 00320nam a2200121Ia 4500
005 20251222143125.0
008 251222s9999||||xx |||||||||||||| ||spa||
082 _a378.985/G86
100 _aGuerra Cruz, Guillermo
245 0 _aEn Defensa de la Universidad
264 _bUniversidad Privada Antenor Orrego
942 _cLIB
999 _c11688
_d11688